Текст томруулах:    
The social dimensions of adjustment priority survey (Бичлэгийн дугаар. 146143)
000 -УДИРДЛАГА
Удирдлага 00976nam a22002657a 4500
003 - ХЯНАЛТЫН ТОО ТОДОРХОЙЛОГЧ
Код MN-UlNUM
005 - БИЧИЛТ ХИЙСЭН ОГНОО
Тухайн бичилтийг бичсэн засварласан сүүлийн огноо 20260109113032.0
008 - ЕРӨНХИЙ МЭДЭЭЛЭЛ
Ерөнхий мэдээлэл 260109s1991 dcu|b||| |||| 00| 0 eng |
020 ## - ISBN
ISBN 0821317202
040 ## - БИЧЛЭГ ҮҮСГЭГЧ БАЙГУУЛЛАГА
Бичлэг үүсгэгч номын сангийн код МУИС-ийн номын сан
084 ## - ББК АНГИЛАЛ
Нэмэлт тусгалт Бусад
ББК ангилал 72.4
Зохиогчийн гурван тэмдэгт G 71
Мэдлэгийн ялгаа 72 - Шинжлэх ухаан
100 1# - ЗОХИОГЧ
Зохиогчийн нэр Grootaert, Christiaan,
Зохиогчийн огноо 1950-
245 14 - ҮНДСЭН ГАРЧИГ
Номын нэр The social dimensions of adjustment priority survey
Бага гарчгийн мэдээ An instrument for the rapid identification and monitoring of policy target groups
Оролцогчдын тухай мэдээ Christiaan Grootaert, Timothy Marchant ; with contributions from Bahjat Achikbache ... [et al.].
260 ## - ГАРАЛТЫН МЭДЭЭ
Хэвлэгдсэн газар Washington, D.C., U.S.A. :
Хэвлэлийн газар World Bank,
Хэвлэгдсэн он 1991.
300 ## - МАТЕРИАЛЫН ТОДОРХОЙЛОЛТ
хуудасны тоо ix, 180 p. ;
Хэмжээ 28 cm.
490 ## - БОТЬ / ЦУВРАЛЫН ТУХАЙ МЭДЭЭ
Боть / цувралын зохиогч Social dimensions of adjustment in Sub-Saharan Africa,
500 ## - Тайлбар
Дансны дугаар БС 4907
546 ## - ХЭЛНИЙ ТУХАЙ МЭДЭЭ
Хэл Англи хэл дээр,
653 ## - Түлхүүр үг
Түлхүүр үг household surveys
653 ## - Түлхүүр үг
Түлхүүр үг developing countries
700 1# - ХАМ ЗОХИОГЧИД
Ба бус Marchant, T. J.
942 ## - ЭЛЕМЕНТИЙН ТӨРӨЛ
Зүйлийн төрөл Ном